<?xml version="1.0" encoding="UTF-8"?>
<record
    xmlns:xsi="http://www.w3.org/2001/XMLSchema-instance"
    xsi:schemaLocation="http://www.loc.gov/MARC21/slim http://www.loc.gov/standards/marcxml/schema/MARC21slim.xsd"
    xmlns="http://www.loc.gov/MARC21/slim">

  <leader>02294nam a2200301 a 4500</leader>
  <controlfield tag="003">OSt</controlfield>
  <controlfield tag="005">20260317140140.0</controlfield>
  <controlfield tag="008">230426s2003    mx ||||gr|||| 00| 0dspa d</controlfield>
  <datafield tag="020" ind1=" " ind2=" ">
    <subfield code="a">978-968-16-6942-3</subfield>
  </datafield>
  <datafield tag="040" ind1=" " ind2=" ">
    <subfield code="c">CHAP</subfield>
    <subfield code="e">rda</subfield>
    <subfield code="a">PA</subfield>
  </datafield>
  <datafield tag="041" ind1=" " ind2=" ">
    <subfield code="a">spa</subfield>
    <subfield code="b">spa</subfield>
    <subfield code="f">spa</subfield>
    <subfield code="h">spa</subfield>
  </datafield>
  <datafield tag="082" ind1="0" ind2="0">
    <subfield code="a">PA 501</subfield>
    <subfield code="q">.P47 2003</subfield>
  </datafield>
  <datafield tag="100" ind1="0" ind2=" ">
    <subfield code="9">90049</subfield>
    <subfield code="a">P&#xE9;rez Tamayo, Ruy</subfield>
  </datafield>
  <datafield tag="245" ind1="1" ind2="1">
    <subfield code="a">&#xBF;Existe el m&#xE9;todo cient&#xED;fico? :</subfield>
    <subfield code="b">historia y realidad /</subfield>
    <subfield code="c">Ruy P&#xE9;rez Tamayo.</subfield>
  </datafield>
  <datafield tag="250" ind1=" " ind2=" ">
    <subfield code="a">3a edici&#xF3;n.</subfield>
  </datafield>
  <datafield tag="264" ind1=" " ind2=" ">
    <subfield code="a">M&#xE9;xico:</subfield>
    <subfield code="b">Fondo de Cultura Econ&#xF3;mica,</subfield>
    <subfield code="c">2003.</subfield>
  </datafield>
  <datafield tag="300" ind1=" " ind2=" ">
    <subfield code="a">301 p&#xE1;ginas.</subfield>
  </datafield>
  <datafield tag="336" ind1=" " ind2=" ">
    <subfield code="2">rdacontent</subfield>
    <subfield code="a">texto</subfield>
    <subfield code="b">txt</subfield>
  </datafield>
  <datafield tag="337" ind1=" " ind2=" ">
    <subfield code="2">rdamedia</subfield>
    <subfield code="a">sin medio</subfield>
    <subfield code="b">n</subfield>
  </datafield>
  <datafield tag="338" ind1=" " ind2=" ">
    <subfield code="2">rdacarrier</subfield>
    <subfield code="a">volumen</subfield>
    <subfield code="b">nc</subfield>
  </datafield>
  <datafield tag="490" ind1="1" ind2=" ">
    <subfield code="a">La ciencia para todos</subfield>
    <subfield code="v">161</subfield>
  </datafield>
  <datafield tag="505" ind1=" " ind2=" ">
    <subfield code="a">Introducci&#xF3;n.-- Agradecimientos.-- I. La tradici&#xF3;n antigua: Plat&#xF3;n y Arist&#xF3;teles.-- II.Los cient&#xED;ficos de la Revoluci&#xF3;n cient&#xED;fica : Vesalio, Galileo, Harvey, Newton, Hooke y Leibniz.-- III.Los fil&#xF3;sofos de la Revoluci&#xF3;n cient&#xED;fica : Bacon, Descartes, Locke, Berkeley, Hume y Kant.-- IV.Los empiristas victorianos del siglo XIX : Herschel, Mill y Whewel.-- V.Los positivistas del siglo XIX : comte, Mach, Peirce y Poincar&#xE9;.-- VI.El positivismo l&#xF3;gico : Wittgenstein, Carnap y el C&#xED;rculo de Viena. Reichenbach y la escueal de Berl&#xED;n.-- VII.Las ideas contempor&#xE1;neas (1): Bridgman, Rosenblueth y el operacionismo Eddington y el subjetivismo selectivo; Popper y el falsacionismo.-- VIII.Las ideas contempor&#xE1;neas (II) : Lakatos y los programas de investigaci&#xF3;n, Kuhn y el relativismo hist&#xF3;rico, Feyerabend y el anarquismo.-- IX. Resumen general y conclusiones.-- Lecturas recomendadas.</subfield>
  </datafield>
  <datafield tag="520" ind1=" " ind2=" ">
    <subfield code="a">El doctor P&#xE9;rez Tamayo re&#xFA;ne aqu&#xED; los textos que present&#xF3; en los cursos dictados en El Colegio Nacional sobre la naturaleza del m&#xE9;todo cient&#xED;fico y las innumerables pol&#xE9;micas desatadas a lo largo de la historia de la ciencia, con el fin de dirimir sus l&#xED;mites y la base conceptual en que se funda. El lector encontrar&#xE1; aqu&#xED; una revisi&#xF3;n cronol&#xF3;gica de las ideas sobre el m&#xE9;todo cient&#xED;fico a lo largo de 25 siglos y, con base en ella, la interpretaci&#xF3;n del autor como cient&#xED;fico.</subfield>
  </datafield>
  <datafield tag="650" ind1=" " ind2="0">
    <subfield code="a">Ciencia</subfield>
    <subfield code="x">Metodolog&#xED;a</subfield>
    <subfield code="9">191374</subfield>
  </datafield>
  <datafield tag="650" ind1=" " ind2="0">
    <subfield code="a">Ciencia</subfield>
    <subfield code="x">Filosof&#xED;a</subfield>
    <subfield code="9">191375</subfield>
  </datafield>
  <datafield tag="830" ind1=" " ind2="3">
    <subfield code="9">64201</subfield>
    <subfield code="a">La ciencia para todos</subfield>
  </datafield>
  <datafield tag="942" ind1=" " ind2=" ">
    <subfield code="2">ddc</subfield>
    <subfield code="c">LIBRO</subfield>
  </datafield>
  <datafield tag="999" ind1=" " ind2=" ">
    <subfield code="c">218635</subfield>
    <subfield code="d">218635</subfield>
  </datafield>
  <datafield tag="952" ind1=" " ind2=" ">
    <subfield code="0">0</subfield>
    <subfield code="1">0</subfield>
    <subfield code="2">ddc</subfield>
    <subfield code="4">0</subfield>
    <subfield code="5">1</subfield>
    <subfield code="7">0</subfield>
    <subfield code="8">GRAL</subfield>
    <subfield code="a">PA</subfield>
    <subfield code="b">PA</subfield>
    <subfield code="d">2023-04-26</subfield>
    <subfield code="e">Compra</subfield>
    <subfield code="i">Consumo</subfield>
    <subfield code="l">0</subfield>
    <subfield code="o">PA 501 .P47 2003 </subfield>
    <subfield code="p">4102004162</subfield>
    <subfield code="r">2023-04-26 00:00:00</subfield>
    <subfield code="t">Ej.1</subfield>
    <subfield code="w">2023-04-26</subfield>
    <subfield code="y">LIBRO</subfield>
  </datafield>
  <datafield tag="952" ind1=" " ind2=" ">
    <subfield code="0">0</subfield>
    <subfield code="1">0</subfield>
    <subfield code="2">ddc</subfield>
    <subfield code="4">0</subfield>
    <subfield code="5">3</subfield>
    <subfield code="7">0</subfield>
    <subfield code="8">GRAL</subfield>
    <subfield code="a">PA</subfield>
    <subfield code="b">PA</subfield>
    <subfield code="d">2023-04-26</subfield>
    <subfield code="i">Consumo</subfield>
    <subfield code="l">0</subfield>
    <subfield code="o">PA 501 .P47 2003 </subfield>
    <subfield code="p">4102004163</subfield>
    <subfield code="r">2023-04-26 00:00:00</subfield>
    <subfield code="t">Ej.2</subfield>
    <subfield code="w">2023-04-26</subfield>
    <subfield code="y">LIBRO</subfield>
  </datafield>
  <datafield tag="952" ind1=" " ind2=" ">
    <subfield code="0">0</subfield>
    <subfield code="1">0</subfield>
    <subfield code="2">ddc</subfield>
    <subfield code="4">0</subfield>
    <subfield code="5">3</subfield>
    <subfield code="7">0</subfield>
    <subfield code="8">GRAL</subfield>
    <subfield code="a">PA</subfield>
    <subfield code="b">PA</subfield>
    <subfield code="d">2023-04-26</subfield>
    <subfield code="e">Compra</subfield>
    <subfield code="i">Consumo</subfield>
    <subfield code="l">0</subfield>
    <subfield code="o">PA 501 .P47 2003 </subfield>
    <subfield code="p">4102004164</subfield>
    <subfield code="r">2023-04-26 00:00:00</subfield>
    <subfield code="t">Ej.3</subfield>
    <subfield code="w">2023-04-26</subfield>
    <subfield code="y">LIBRO</subfield>
  </datafield>
</record>
